00585nam#a22001935a#4500001000400000008004100004245009900045250001200144260003500156300002100191490002900212110005500241080000700296084000800303653003100311040002300342005001700365003000900382714080624s2006####ag#####g######001#mdspa##10aLeer X leer :bLecturas para estudiantes /cMinisterio de Educación, Ciencia y Tecnología. a1ª ed. aBuenos Aires :bEudeba,c2006. a187 p. ;c23 cm.0 aPlan Nacional de Lectura2 aMinisterio de Educación, Ciencia y Tecnología. a82 aL35 aLiteratura contemporánea aAR-ClEAGcAR-ClEAG20241107184644.0AR-ClEAG